<?xml version="1.0" encoding="UTF-8"?>
<record
    xmlns:xsi="http://www.w3.org/2001/XMLSchema-instance"
    xsi:schemaLocation="http://www.loc.gov/MARC21/slim http://www.loc.gov/standards/marcxml/schema/MARC21slim.xsd"
    xmlns="http://www.loc.gov/MARC21/slim">

  <leader>00706nam a2200205Ia 4500</leader>
  <datafield tag="999" ind1=" " ind2=" ">
    <subfield code="c">35740</subfield>
    <subfield code="d">35740</subfield>
  </datafield>
  <controlfield tag="001">1619</controlfield>
  <controlfield tag="003">GE_BSU</controlfield>
  <controlfield tag="005">20221114175223.0</controlfield>
  <controlfield tag="008">181216s2006||||ru |||||||||||||| ||rus||</controlfield>
  <datafield tag="020" ind1=" " ind2=" ">
    <subfield code="a">5881110765x</subfield>
  </datafield>
  <datafield tag="040" ind1=" " ind2=" ">
    <subfield code="c">GE_BSU</subfield>
  </datafield>
  <datafield tag="080" ind1=" " ind2=" ">
    <subfield code="a">69+624.014.04 &#x421;-86</subfield>
  </datafield>
  <datafield tag="245" ind1=" " ind2=" ">
    <subfield code="a">&#x421;&#x442;&#x440;&#x43E;&#x438;&#x442;&#x435;&#x43B;&#x44C;&#x43D;&#x44B;&#x435; &#x43D;&#x43E;&#x440;&#x43C;&#x44B; &#x438; &#x43F;&#x440;&#x430;&#x432;&#x438;&#x43B;&#x430; :</subfield>
    <subfield code="b">&#x421;&#x442;&#x430;&#x43B;&#x44C;&#x43D;&#x44B;&#x435; &#x43A;&#x43E;&#x43D;&#x441;&#x442;&#x440;&#x443;&#x43A;&#x446;&#x438;&#x438;. &#x421;&#x41D; &#x438; &#x41F; II-23-81/</subfield>
  </datafield>
  <datafield tag="250" ind1=" " ind2=" ">
    <subfield code="a">&#x418;&#x437;&#x434;&#x430;&#x43D;&#x438;&#x435; &#x43E;&#x444;&#x438;&#x446;&#x438;&#x430;&#x43B;&#x44C;&#x43D;&#x43E;&#x435;.</subfield>
  </datafield>
  <datafield tag="264" ind1=" " ind2=" ">
    <subfield code="a">&#x41C;.,</subfield>
    <subfield code="c">2006.</subfield>
  </datafield>
  <datafield tag="300" ind1=" " ind2=" ">
    <subfield code="a">90 &#x441;&#x442;&#x440;.;  </subfield>
    <subfield code="b">28 &#x441;&#x43C;.</subfield>
  </datafield>
  <datafield tag="653" ind1=" " ind2=" ">
    <subfield code="a">&#x421;&#x442;&#x43E;&#x438;&#x442;&#x435;&#x43B;&#x44C;&#x43D;&#x44B;&#x435; &#x43D;&#x43E;&#x440;&#x43C;&#x44B; &#x438; &#x43F;&#x440;&#x430;&#x432;&#x438;&#x43B;&#x430;.</subfield>
  </datafield>
  <datafield tag="653" ind1=" " ind2=" ">
    <subfield code="a">&#x10E1;&#x10D0;&#x10DB;&#x10E8;&#x10D4;&#x10DC;&#x10D4;&#x10D1;&#x10DA;&#x10DD; &#x10EC;&#x10D4;&#x10E1;&#x10D4;&#x10D1;&#x10D8; &#x10D3;&#x10D0; &#x10DC;&#x10DD;&#x10E0;&#x10DB;&#x10D4;&#x10D1;&#x10D8;</subfield>
  </datafield>
  <datafield tag="942" ind1=" " ind2=" ">
    <subfield code="c">BK</subfield>
    <subfield code="2">udc</subfield>
  </datafield>
  <datafield tag="952" ind1=" " ind2=" ">
    <subfield code="0">0</subfield>
    <subfield code="1">0</subfield>
    <subfield code="2">udc</subfield>
    <subfield code="4">0</subfield>
    <subfield code="6">6962401404_&#x421;86</subfield>
    <subfield code="7">0</subfield>
    <subfield code="9">34243</subfield>
    <subfield code="a">CPL</subfield>
    <subfield code="b">CPL</subfield>
    <subfield code="c">GEN</subfield>
    <subfield code="d">2018-12-17</subfield>
    <subfield code="g">7.00</subfield>
    <subfield code="o">69+624.014.04 &#x421;-86</subfield>
    <subfield code="p">3046</subfield>
    <subfield code="r">2018-12-17</subfield>
    <subfield code="t">3046</subfield>
    <subfield code="w">2018-12-17</subfield>
    <subfield code="y">BK</subfield>
    <subfield code="z">7 &#x10DA;.</subfield>
  </datafield>
</record>
